000 00325nam a2200133 i 4500
001 bg
100 1 _aMICHALIK, Mieczysław
245 0 _aDialektyka procesów moralnych /
_cMieczysław Michalik.
260 _aWarszawa,
_c1973.
040 _cBPK
041 _apol
942 _cKS
008 s pl f |000 0 pol
999 _c27014
_d27014
856 _uhttp://koha.tu.koszalin.pl/cgi-bin/koha/opac-detail.pl?biblionumber=27014
_yKatalog online BPK